000 00352nam a2200145Ia 4500
008 230917s9999||||xx |||||||||||||| ||und||
040 _e48214
_aMAIN
041 _aEnglish
082 _a822.33 S15J;S
100 _aJones, Emrys
245 0 _aScenic form in Shakespeare
260 _aOxford
_bClarendon Press
_c1971
300 _a269 p.
942 _cBK
999 _c187173
_d187173